| 000 | 00959nam0a22002771 4500 | ||
|---|---|---|---|
| 001 | rc\804552 | ||
| 005 | 20041129090904.4 | ||
| 035 | _a(NLR Aleph) 005988543 | ||
| 090 |
_a7103309 _c7103309 |
||
| 100 | _a20041129d1983 u |0rusy50 ca | ||
| 101 | 0 | _arus | |
| 102 | _aRU | ||
| 105 | _aa ||||||||| | ||
| 200 | 1 |
_aО методе решения уравнений Навье-Стокса в переменных "скорости, завихренность" _fМ.П. Леончук, З.В. Сивак, Ю.Е. Швецов |
|
| 210 |
_aОбнинск _cФЭИ _d1983 |
||
| 215 |
_a23 с. _cил. _d20 |
||
| 225 | 1 |
_aФизико-энергетический институт _vФЭИ-1433 |
|
| 320 | _aБиблиогр.: с. 14-16 | ||
| 700 | 1 |
_aЛеончук _bМ. П. |
|
| 701 | 1 |
_aСивак _bЗ. В. |
|
| 701 | 1 |
_aШвецов _bЮ. Е. |
|
| 801 | 0 |
_aRU _bNLR _gpsbo |
|
| 801 | 1 |
_aRU _bELAR _2rusmarc |
|
| 852 |
_aNLR _j83-4/34397 |
||
| 942 | _cBOOK | ||
| 980 | _aNB | ||